1417 1444 1580 1079 1912 1817 1835 1869 1458 1682 1840 1647 1222 1986 1841 1322 1396 1368 1262 1115 1637 1934 1153 1807 1394 1791 1809 1770 1424 1630 1631 1522 1718 1003 1336 1155 1051 1445 1891 1818 1742 1518 1045 1581 1043 1733 1162 1701 1143 1861 1825 1454 1104 1081 1151 1280 1507 1444 1086 1021 1236 1803 1009 1279 1208 1633 1156 1909 1986 1256 1890 1030 1334 1949 1500 1550 1725 1135 1856 1887 1555 1097 1607 1972 1997 1730 1763 1282 1235 1517 1201 1471 1419 1660 1020 1340 1066 1286 1444 BCNSPRNW ULIB Ver.6.0+V

เปลี่ยนเป็นภาษาไทย

Change to English
 แสดงรายละเอียดบรรณานุกรม
  กลับหน้าหลัก

Brief Record : Get Marc (ISO 2709) : E-mail record : QR code < ปิดหน้าต่าง
LEADER : 00000nam 2200000uu 4500
001    13399123329
003     ULIB
008    140822s2554||||th 000 0 tha d
050  0 ฺBQ4570^bว162ป ล.1
100 0  วนวาสี สยาดอ อู เญยฺยธมฺมสามี (ชเวจองโก้นสยาดอ)
245 00 ปฏิภาณ ญาณ ทสฺสน กถา เล่ม 1/^cโดย วนวาสี สยาดอ อู เญยฺยธมฺมสามี (ชเวจองโก้นสยาดอ) แปลโดย แม่ชีดอ วิลาสี
260    กรุงเทพฯ:^b,สหธรรมมิก^c2554
300    108 หน้า :^bภาพประกอบ
650  0 หลักธรรมคำสอน ^xพูทธศาสนา
700 0  แม่ชี กุสลเถรี(เกษิณี เฉลิมติระกูล)
945    ^p0^l0^i034631
999    ^aเกษร โพธิ์สุวรรณ
รายการนี้ยังไม่มีแท็ก
คุณยังไม่ได้ล็อกอิน คุณสามารถมีกิจกรรมร่วมกับเว็บไซต์ได้ แต่ต้องล็อกอินก่อน ::
  ล็อกอิน

รายการสื่อสารสนเทศ

ลำดับที่ ประเภท เลขเรียก/บาร์โค้ด สถานที่ สถานะ
1. การศึกษาทั่วไป
การศึกษาทั่วไป
ฺBQ4570 ว162ป ล.1 ฉ.1 
  Barcode: 034631
ห้องสมุดวิทยาเขตสวรรค์ประชารักษ์
►หนังสือทั่วไป
บนชั้น

BibComment


ยังไม่เคยถูกคอมเมนท์

คอมเมนท์ทรัพยากรรายการนี้
  คอมเมนท์: ปฏิภาณ ญาณ ทสฺสน ..


 Copyright 2026. Bcnsprnw @Library